[Event "17. Open de Sants Hostafrancs 2015"]
[Site "Barcelona ESP"]
[Date "2015.08.29"]
[Round "9.68"]
[White "Schnelzer, Reinhold"]
[Black "Finsterwalder, Sebastian"]
[Result "1/2-1/2"]
[WhiteElo "2230"]
[BlackElo "2050"]
[PlyCount "109"]
[EventDate "2015.08.21"]
[EventType "swiss"]
[EventRounds "10"]
[EventCountry "ESP"]
[SourceTitle "Ajedrez en Madrid"]
[Source "lmi"]
[SourceDate "2015.08.21"]

1. Nf3 d5 2. c4 d4 3. e3 Nc6 4. Nxd4 Nxd4 5. exd4 Qxd4 6. Nc3 c6 7. d3 Nh6 8.
Be3 Qd8 9. Bxh6 gxh6 10. d4 Bg7 11. d5 Qb6 12. Qd2 Bf5 13. Be2 Rd8 14. O-O O-O
15. Rac1 Rd7 16. Qf4 Bg6 17. b3 Qa5 18. Qe3 Rc8 19. Bg4 e6 20. dxe6 Re8 21.
exf7+ Bxf7 22. Qf3 Rde7 23. Bf5 Kh8 24. a4 Rf8 25. Qd3 Bh5 26. g4 Bg6 27. Bxg6
hxg6 28. Ne4 Qe5 29. f3 Qf4 30. Rcd1 Be5 31. Qd2 h5 32. Qxf4 Rxf4 33. h3 c5 34.
Rd5 Bd4+ 35. Kg2 h4 36. Re1 Kg7 37. Re2 Kh6 38. Rd2 Ref7 39. Rd3 b6 40. Nc3 Re7
41. Kf1 Rf8 42. Ne2 Rfe8 43. g5+ Kg7 44. Rd2 Be3 45. Rc2 Rf8 46. Kg2 Ref7 47.
f4 Bxf4 48. Nxf4 Rxf4 49. Rd7+ R8f7 50. Rcd2 R4f5 51. Rxf7+ Kxf7 52. Rd7+ Ke6
53. Rxa7 Rxg5+ 54. Kh2 Rg3 55. Rb7 1/2-1/2

[Event "17. Open de Sants Hostafrancs 2015"]
[Site "Barcelona ESP"]
[Date "2015.08.29"]
[Round "9.69"]
[White "Torres Novalbos, David"]
[Black "Micottis, Dorian"]
[Result "0-1"]
[WhiteElo "2045"]
[BlackElo "2228"]
[PlyCount "80"]
[EventDate "2015.08.21"]
[EventType "swiss"]
[EventRounds "10"]
[EventCountry "ESP"]
[SourceTitle "Ajedrez en Madrid"]
[Source "lmi"]
[SourceDate "2015.08.21"]

1. e4 c5 2. Nf3 e6 3. d4 cxd4 4. Nxd4 a6 5. Bd3 Bc5 6. Nb3 Be7 7. Qg4 g6 8. Qe2
d6 9. c4 Nd7 10. O-O b6 11. Nc3 Bb7 12. f4 Qc7 13. Kh1 Ngf6 14. Be3 O-O 15. Bg1
Rfe8 16. Rac1 Rac8 17. Nd4 Qb8 18. b4 e5 19. fxe5 Nxe5 20. Nd5 Nxd5 21. exd5
Bg5 22. Rce1 b5 23. cxb5 Bxd5 24. bxa6 Bh4 25. Rc1 Rxc1 26. Rxc1 Bg5 27. Rb1
Nxd3 28. Qxd3 Be4 29. Qg3 Bxb1 30. Qxg5 Qxb4 31. a7 Be4 32. Qf6 Qb2 33. Qf2
Qxf2 34. Bxf2 Ba8 35. Kg1 Rc8 36. Be3 Rc3 37. Kf2 Ra3 38. Nb5 Rxa2+ 39. Ke1 d5
40. Nd6 f5 0-1

[Event "17. Open de Sants Hostafrancs 2015"]
[Site "Barcelona ESP"]
[Date "2015.08.29"]
[Round "9.70"]
[White "Arus Blanch, Daniel"]
[Black "Fernandez, Maria Florencia"]
[Result "1-0"]
[WhiteElo "2011"]
[BlackElo "2222"]
[PlyCount "129"]
[EventDate "2015.08.21"]
[EventType "swiss"]
[EventRounds "10"]
[EventCountry "ESP"]
[SourceTitle "Ajedrez en Madrid"]
[Source "lmi"]
[SourceDate "2015.08.21"]

1. e4 g6 2. d4 Bg7 3. c3 d6 4. Nf3 a6 5. Bc4 Nf6 6. e5 dxe5 7. Nxe5 O-O 8. O-O
Nbd7 9. Nxd7 Bxd7 10. Nd2 c5 11. dxc5 Qc7 12. Be2 Qxc5 13. Bf3 Qc7 14. Qb3 Ng4
15. g3 Ne5 16. Bg2 Bb5 17. Rd1 Rad8 18. Nf1 Rxd1 19. Qxd1 Rd8 20. Qb3 Bc4 21.
Qc2 Bd3 22. Qb3 b5 23. Bf4 Bc4 24. Qc2 Qd7 25. Bxe5 Bxe5 26. Ne3 Bd3 27. Qd2
Qd6 28. Rd1 Kg7 29. f4 Bf6 30. Bf1 Be4 31. Qxd6 Rxd6 32. Rxd6 exd6 33. Bg2 Bb1
34. a3 a5 35. Nd5 Bd8 36. Kf2 g5 37. Ke3 Ba2 38. fxg5 Bxg5+ 39. Nf4 Kf6 40. h4
Bh6 41. Be4 Kg7 42. Bd3 Bc4 43. Bxc4 bxc4 44. Kd4 Kf6 45. Kxc4 Kf5 46. b4 axb4
47. axb4 Kg4 48. Ne2 Kf3 49. Kd3 d5 50. b5 Bf8 51. b6 Bd6 52. Nf4 Kxg3 53. Nxd5
f5 54. Kd4 f4 55. Nxf4 Bxf4 56. c4 h5 57. c5 Kxh4 58. c6 Kg3 59. c7 h4 60. c8=Q
h3 61. Qc6 Kh2 62. Qf3 Bg3 63. b7 Bb8 64. Kd5 Ba7 65. Kc6 1-0

[Event "17. Open de Sants Hostafrancs 2015"]
[Site "Barcelona ESP"]
[Date "2015.08.30"]
[Round "10.1"]
[White "Piorun, Kacper"]
[Black "Blomqvist, Erik"]
[Result "1-0"]
[WhiteElo "2592"]
[BlackElo "2508"]
[PlyCount "59"]
[EventDate "2015.08.21"]
[EventType "swiss"]
[EventRounds "10"]
[EventCountry "ESP"]
[SourceTitle "Ajedrez en Madrid"]
[Source "lmi"]
[SourceDate "2015.08.21"]
[WhiteClock "0:02:45"]
[BlackClock "0:45:08"]

1. e4 c5 2. Nf3 e6 3. d4 cxd4 4. Nxd4 Nc6 5. Nc3 Qc7 6. f4 a6 7. Nxc6 Qxc6 8.
Bd3 b5 9. Qe2 Bb7 10. Bd2 Bc5 11. O-O-O Ne7 12. a3 O-O 13. Qh5 f6 14. Kb1 Rf7
15. g4 Raf8 16. Rhf1 Qc7 17. f5 Bd4 18. Ne2 Be5 19. Nf4 Bxf4 20. Rxf4 e5 21.
Rf3 Qc6 22. Rh3 h6 23. Rg1 d5 24. Bxh6 gxh6 25. Qxh6 Rg7 26. Qh8+ Kf7 27. Qh5+
Kg8 28. g5 Qb6 29. Rg2 dxe4 30. g6 1-0

[Event "17. Open de Sants Hostafrancs 2015"]
[Site "Barcelona ESP"]
[Date "2015.08.30"]
[Round "10.2"]
[White "Cuartas, Jaime Alexander"]
[Black "Dvirnyy, Danyyil"]
[Result "1/2-1/2"]
[WhiteElo "2503"]
[BlackElo "2545"]
[PlyCount "54"]
[EventDate "2015.08.21"]
[EventType "swiss"]
[EventRounds "10"]
[EventCountry "ESP"]
[SourceTitle "Ajedrez en Madrid"]
[Source "lmi"]
[SourceDate "2015.08.21"]
[WhiteClock "0:22:20"]
[BlackClock "0:40:00"]

1. d4 Nf6 2. Nf3 g6 3. g3 d5 4. Bg2 Bg7 5. O-O O-O 6. c4 dxc4 7. Na3 c3 8. bxc3
c5 9. Nc4 Nc6 10. Nce5 Nxe5 11. Nxe5 Nd5 12. Bd2 Bxe5 13. dxe5 Be6 14. Bh6 Re8
15. Rc1 Rc8 16. Qd2 Rc7 17. f4 Nb6 18. Qc2 f5 19. e4 Nc4 20. Qb3 Qd2 21. Rfe1
fxe4 22. Bf1 e3 23. Bxc4 Qf2+ 24. Kh1 Qf3+ 25. Kg1 Qf2+ 26. Kh1 Qf3+ 27. Kg1
Qf2+ 1/2-1/2

[Event "17. Open de Sants Hostafrancs 2015"]
[Site "Barcelona ESP"]
[Date "2015.08.30"]
[Round "10.4"]
[White "Aloma Vidal, Robert"]
[Black "Vocaturo, Daniele"]
[Result "0-1"]
[WhiteElo "2454"]
[BlackElo "2578"]
[PlyCount "132"]
[EventDate "2015.08.21"]
[EventType "swiss"]
[EventRounds "10"]
[EventCountry "ESP"]
[SourceTitle "Ajedrez en Madrid"]
[Source "lmi"]
[SourceDate "2015.08.21"]
[WhiteClock "0:16:14"]
[BlackClock "0:04:49"]

1. d4 Nf6 2. Bg5 e6 3. e4 h6 4. Bxf6 Qxf6 5. c3 d5 6. Nd2 c5 7. Ngf3 cxd4 8.
Nxd4 Bc5 9. Bb5+ Bd7 10. Bxd7+ Nxd7 11. N4f3 O-O-O 12. O-O Ne5 13. Qe2 dxe4 14.
Qxe4 Nd3 15. Nb3 Bb6 16. a4 Qf4 17. Qxf4 Nxf4 18. Ne5 Rd5 19. Nc4 Bc7 20. Rfd1
Rhd8 21. Ne3 R5d6 22. Kf1 Rb6 23. Nd4 Rbd6 24. Nb5 Rxd1+ 25. Rxd1 Rxd1+ 26.
Nxd1 Bb8 27. g3 Nd3 28. b4 g5 29. Ke2 Ne5 30. h3 h5 31. Ne3 f5 32. Nd4 Kd7 33.
Nf3 Nf7 34. Ng2 Ke7 35. h4 gxh4 36. Ngxh4 Kf6 37. Nd2 e5 38. Nb3 b6 39. c4 Nd6
40. c5 Ne4 41. a5 bxc5 42. bxc5 a6 43. Ng2 Ke6 44. Ne1 Kd5 45. Nc2 Kc4 46. Nc1
Kxc5 47. Ne3 f4 48. Nd3+ Kb5 49. gxf4 exf4 50. Nd5 h4 51. N5xf4 Ng5 52. Ng6 h3
53. f4 h2 54. Nf2 Nh3 55. Nh1 Nxf4+ 56. Nxf4 Bxf4 57. Kf3 Bc7 58. Kg2 Kxa5 59.
Nf2 Kb4 60. Nd3+ Kc4 61. Nb2+ Kb3 62. Nd3 Bd6 63. Nf2 a5 64. Ne4 a4 65. Nd2+
Kb4 66. Nb1 Bf4 0-1

[Event "17. Open de Sants Hostafrancs 2015"]
[Site "Barcelona ESP"]
[Date "2015.08.30"]
[Round "10.5"]
[White "Rios, Cristhian Camilo"]
[Black "Dragun, Kamil"]
[Result "0-1"]
[WhiteElo "2435"]
[BlackElo "2572"]
[PlyCount "82"]
[EventDate "2015.08.21"]
[EventType "swiss"]
[EventRounds "10"]
[EventCountry "ESP"]
[SourceTitle "Ajedrez en Madrid"]
[Source "lmi"]
[SourceDate "2015.08.21"]
[WhiteClock "0:33:28"]
[BlackClock "0:32:51"]

1. d4 Nf6 2. c4 e6 3. Nf3 b6 4. a3 Ba6 5. Qb3 Be7 6. Nc3 d5 7. cxd5 exd5 8. Bg5
c6 9. Bxf6 Bxf6 10. e4 Bxf1 11. Rxf1 dxe4 12. Nxe4 O-O 13. O-O-O Nd7 14. Rfe1
Qc7 15. Kb1 Rae8 16. d5 Rxe4 17. d6 Qd8 18. Rxe4 Nc5 19. Qc2 Nxe4 20. Qxe4 Qe8
21. Qf4 Qe6 22. g4 Rd8 23. Rd2 g6 24. h4 c5 25. h5 c4 26. d7 c3 27. bxc3 Bxc3
28. Rd6 Qb3+ 29. Kc1 Qxa3+ 30. Kc2 Bb4 31. Rd3 Qa4+ 32. Kb1 Qb5 33. Rb3 Qf1+
34. Ka2 Qe2+ 35. Ka1 Rxd7 36. Rxb4 Rd1+ 37. Rb1 Qa6+ 38. Kb2 Qb5+ 39. Ka3 Rd3+
40. Ka2 Qa5+ 41. Kb2 Qc3+ 0-1

[Event "17. Open de Sants Hostafrancs 2015"]
[Site "Barcelona ESP"]
[Date "2015.08.30"]
[Round "10.7"]
[White "Oliva Castaneda, Kevel"]
[Black "Ootes, Lars"]
[Result "1-0"]
[WhiteElo "2488"]
[BlackElo "2400"]
[PlyCount "77"]
[EventDate "2015.08.21"]
[EventType "swiss"]
[EventRounds "10"]
[EventCountry "ESP"]
[SourceTitle "Ajedrez en Madrid"]
[Source "lmi"]
[SourceDate "2015.08.21"]
[WhiteClock "0:00:39"]
[BlackClock "0:08:13"]

1. d4 Nf6 2. c4 g6 3. Nc3 d5 4. Nf3 Bg7 5. Qb3 dxc4 6. Qxc4 O-O 7. e4 Nfd7 8.
Be3 Nb6 9. Qb3 a5 10. Rd1 a4 11. Qc2 Nc6 12. d5 Nb4 13. Qd2 f5 14. Bxb6 cxb6
15. e5 e6 16. Bc4 Qc7 17. Qe2 Qe7 18. d6 Qe8 19. Nb5 Na6 20. Nfd4 Bd7 21. f4
Rc8 22. h4 Rc5 23. b3 Qf7 24. h5 g5 25. h6 Bh8 26. Rh5 Qg6 27. Nxe6 Rxc4 28.
bxc4 Qxe6 29. Rxg5+ Bg7 30. Rxg7+ Kh8 31. Nd4 Qxh6 32. Rxd7 Nc5 33. e6 Ne4 34.
Qf3 Rg8 35. Nxf5 Qh1+ 36. Qf1 Qh5 37. Rf7 Qg6 38. Qh1 Ng3 39. Qxh7+ 1-0

[Event "17. Open de Sants Hostafrancs 2015"]
[Site "Barcelona ESP"]
[Date "2015.08.30"]
[Round "10.8"]
[White "Kobo, Ori"]
[Black "Schroeder, Jan-Christian"]
[Result "1-0"]
[WhiteElo "2412"]
[BlackElo "2473"]
[PlyCount "131"]
[EventDate "2015.08.21"]
[EventType "swiss"]
[EventRounds "10"]
[EventCountry "ESP"]
[SourceTitle "Ajedrez en Madrid"]
[Source "lmi"]
[SourceDate "2015.08.21"]
[WhiteClock "0:03:39"]
[BlackClock "0:01:16"]

1. e4 e5 2. Nf3 Nc6 3. Bb5 a6 4. Ba4 Nf6 5. O-O Be7 6. Re1 b5 7. Bb3 d6 8. c3
O-O 9. d4 Bg4 10. Be3 exd4 11. cxd4 d5 12. e5 Ne4 13. h3 Bh5 14. Nbd2 Nxd2 15.
Qxd2 Bxf3 16. Qc3 Qd7 17. Rec1 Nb8 18. gxf3 c6 19. Kh2 f5 20. Rg1 Rf7 21. Rac1
a5 22. a4 b4 23. Qd3 Qe6 24. Rc2 Kh8 25. Bg5 Bf8 26. f4 Rd7 27. Rgc1 Ra6 28.
Qxa6 Nxa6 29. Rxc6 Nc7 30. Rxe6 Nxe6 31. Rc6 Nxd4 32. e6 Rd8 33. Bxd8 Nxc6 34.
Bc7 d4 35. Bd5 Ne7 36. Bc4 d3 37. Bxd3 Nd5 38. Be5 Be7 39. Bxf5 Bf6 40. Bxf6
gxf6 41. Kg3 Ne7 42. Bc2 f5 43. Kf3 Kg7 44. Ke3 Kf6 45. Bb3 Ng6 46. Bc4 h5 47.
Be2 h4 48. Bh5 Ne7 49. Kd4 Kxe6 50. Kc5 Kf6 51. Kb6 Nd5+ 52. Kxa5 Nxf4 53. Bf3
b3 54. Kb4 Ke5 55. Kxb3 Kd6 56. a5 Kc7 57. Kc4 Nxh3 58. b4 Ng5 59. Bh1 Ne4 60.
b5 h3 61. b6+ Kc6 62. f4 h2 63. Bg2 Kb7 64. Kb5 Ka8 65. Kc6 Kb8 66. a6 1-0

[Event "17. Open de Sants Hostafrancs 2015"]
[Site "Barcelona ESP"]
[Date "2015.08.30"]
[Round "10.9"]
[White "Cori, Jorge"]
[Black "Dourerassou, Jonathan"]
[Result "1-0"]
[WhiteElo "2635"]
[BlackElo "2436"]
[PlyCount "93"]
[EventDate "2015.08.21"]
[EventType "swiss"]
[EventRounds "10"]
[EventCountry "ESP"]
[SourceTitle "Ajedrez en Madrid"]
[Source "lmi"]
[SourceDate "2015.08.21"]
[WhiteClock "0:40:29"]
[BlackClock "0:43:43"]

1. e4 c5 2. Nf3 d6 3. d4 cxd4 4. Nxd4 Nf6 5. Nc3 Nc6 6. Bc4 Bd7 7. O-O g6 8.
Nxc6 Bxc6 9. Qe2 Bg7 10. Nd5 Bxd5 11. exd5 O-O 12. Bg5 a6 13. c3 Re8 14. a4 Rc8
15. Rfe1 Qc7 16. Bb3 Qa5 17. Qd2 Ng4 18. Re4 Ne5 19. Rae1 b5 20. Qe2 Bf8 21.
axb5 axb5 22. h4 Rb8 23. h5 b4 24. c4 Qa7 25. Be3 Qd7 26. c5 Qf5 27. Bd4 Bg7
28. h6 Bxh6 29. Bxe5 dxe5 30. Rxe5 Qf4 31. d6 Bg7 32. d7 Rf8 33. c6 Rbd8 34.
Rxe7 Bd4 35. Rxf7 Rxf7 36. Qe8+ Kg7 37. Qxf7+ Qxf7 38. Bxf7 Bb6 39. Bd5 Rf8 40.
Re8 Bxf2+ 41. Kf1 Bb6+ 42. Ke2 h5 43. Kd3 g5 44. Kc4 g4 45. Kb5 Bd8 46. Rxd8
Rxd8 47. Be6 1-0

[Event "17. Open de Sants Hostafrancs 2015"]
[Site "Barcelona ESP"]
[Date "2015.08.30"]
[Round "10.10"]
[White "Munoz Pantoja, Miguel"]
[Black "Bachmann, Axel"]
[Result "0-1"]
[WhiteElo "2434"]
[BlackElo "2623"]
[PlyCount "96"]
[EventDate "2015.08.21"]
[EventType "swiss"]
[EventRounds "10"]
[EventCountry "ESP"]
[SourceTitle "Ajedrez en Madrid"]
[Source "lmi"]
[SourceDate "2015.08.21"]
[WhiteClock "1:35:03"]
[BlackClock "0:56:00"]

1. e4 c5 2. Nf3 e6 3. g3 Nc6 4. Bg2 e5 5. O-O Nf6 6. Nc3 d6 7. d3 g6 8. Nd5
Nxd5 9. exd5 Ne7 10. c4 Bg7 11. Rb1 a5 12. a4 O-O 13. Ng5 h6 14. Ne4 f5 15. Nc3
g5 16. f4 exf4 17. gxf4 g4 18. Be3 Ng6 19. Nb5 Re8 20. Qd2 Bd7 21. Kh1 Bxb5 22.
axb5 Qf6 23. d4 cxd4 24. Bg1 b6 25. Rfe1 Nh4 26. Qd3 Nxg2 27. Kxg2 Kf8 28. Bf2
h5 29. h4 gxh3+ 30. Kh1 Rxe1+ 31. Rxe1 Re8 32. Rxe8+ Kxe8 33. Qxh3 Qg6 34. Qd3
Qf6 35. Qh3 h4 36. b3 Kf7 37. Qxh4 Qg6 38. Qh3 Qg4 39. Qg3 Qe2 40. Kg2 d3 41.
Qe3 Bc3 42. Qe6+ Kg7 43. Qd7+ Kh8 44. Qd8+ Kh7 45. Qh4+ Kg8 46. Qd8+ Kf7 47.
Qd7+ Kg6 48. Qxd6+ Bf6 0-1

[Event "17. Open de Sants Hostafrancs 2015"]
[Site "Barcelona ESP"]
[Date "2015.08.30"]
[Round "10.11"]
[White "Wegerle, Joerg"]
[Black "Potkin, Vladimir"]
[Result "1/2-1/2"]
[WhiteElo "2430"]
[BlackElo "2599"]
[PlyCount "155"]
[EventDate "2015.08.21"]
[EventType "swiss"]
[EventRounds "10"]
[EventCountry "ESP"]
[SourceTitle "Ajedrez en Madrid"]
[Source "lmi"]
[SourceDate "2015.08.21"]
[WhiteClock "0:00:56"]
[BlackClock "0:01:39"]

1. e4 c5 2. c3 d5 3. exd5 Qxd5 4. d4 Nf6 5. Nf3 e6 6. Be2 cxd4 7. cxd4 Nc6 8.
O-O Be7 9. Nc3 Qd6 10. Nb5 Qd8 11. Bf4 Nd5 12. Bg3 a6 13. Nc3 O-O 14. Rc1 Nf6
15. Qd2 b5 16. Nxb5 axb5 17. Rxc6 Bd7 18. Rc2 Rxa2 19. Bc7 Qe8 20. Ne5 b4 21.
Bf3 b3 22. Rcc1 Bb5 23. Rfe1 Ba3 24. Qc3 Be7 25. Qxb3 Ra4 26. Nc6 Bxc6 27. Bxc6
Rb4 28. Qc3 Qc8 29. Ba5 Qb8 30. Rc2 Rb3 31. Qd2 Bb4 32. Bxb4 Rxb4 33. Rd1 Rd8
34. g3 h6 35. Bg2 Qb6 36. Qc1 Rdxd4 37. Rxd4 Qxd4 38. Qd2 Qb6 39. h3 g5 40. Kh2
Kg7 41. Qc3 Rb3 42. Qe5 Rb5 43. Qc3 Qb8 44. Re2 Rb3 45. Qd4 Qb5 46. Re5 Qb4 47.
Qxb4 Rxb4 48. Re2 Nd7 49. Rc2 Ne5 50. Bf1 Nf3+ 51. Kh1 e5 52. g4 Nd4 53. Rd2
Rb3 54. Bg2 h5 55. Kh2 h4 56. Bd5 Rb5 57. Be4 Kf6 58. f3 Ke7 59. Kg2 f6 60. Kf2
Kd6 61. Ke1 Kc5 62. Kd1 Ra5 63. Ke1 Kb4 64. Rd3 Ra1+ 65. Kf2 Ra2 66. Rd2 Ra5
67. Rd3 Ra7 68. Ke3 Ra1 69. Kf2 Ra6 70. Bd5 Rd6 71. Be4 Rb6 72. Rc3 Ne6 73. Bd3
Nf4 74. Bf1 Rd6 75. Ke1 Rb6 76. Kd2 Rd6+ 77. Ke1 Re6 78. Kd2 {Rb

[Event "17. Open de Sants Hostafrancs 2015"]
[Site "Barcelona ESP"]
[Date "2015.08.30"]
[Round "10.12"]
[White "Cawdery, Daniel"]
[Black "Burmakin, Vladimir"]
[Result "1-0"]
[WhiteElo "2424"]
[BlackElo "2558"]
[PlyCount "139"]
[EventDate "2015.08.21"]
[EventType "swiss"]
[EventRounds "10"]
[EventCountry "ESP"]
[SourceTitle "Ajedrez en Madrid"]
[Source "lmi"]
[SourceDate "2015.08.21"]
[WhiteClock "0:11:47"]
[BlackClock "0:21:34"]

1. e4 c6 2. d4 d5 3. Nc3 dxe4 4. Nxe4 Bf5 5. Ng3 Bg6 6. h4 h6 7. Nf3 Nd7 8. h5
Bh7 9. Bd3 Bxd3 10. Qxd3 e6 11. Bd2 Qc7 12. O-O-O O-O-O 13. Kb1 Ngf6 14. Qe2
Bd6 15. Ne4 Nxe4 16. Qxe4 Rhe8 17. Qg4 Bf8 18. Bf4 Qb6 19. Ne5 Nxe5 20. Bxe5 f6
21. Bg3 Ba3 22. b3 Qa5 23. Rd3 Re7 24. Rhd1 Rd5 25. c4 Rg5 26. Qf4 Rxg3 27.
Qxg3 Qxh5 28. Qf3 Qxf3 29. Rxf3 Bd6 30. Kc2 Kd7 31. c5 Bc7 32. b4 a6 33. a4 Re8
34. Kc3 Rb8 35. Re1 Re8 36. Kc4 b6 37. Rb3 b5+ 38. Kd3 h5 39. axb5 axb5 40. Ra3
h4 41. Rea1 g5 42. Ra8 Rb8 43. Rxb8 Bxb8 44. Ra8 Kc8 45. Ke2 f5 46. Ra3 Kd7 47.
Rh3 Bc7 48. g3 hxg3 49. fxg3 g4 50. Rh7+ Kd8 51. Kf2 f4 52. Rg7 fxg3+ 53. Ke3
e5 54. Rxg4 exd4+ 55. Kxd4 Kc8 56. Rg8+ Kb7 57. Ke4 Bb8 58. Kf5 Bc7 59. Rg4 Bb8
60. Ke6 Bc7 61. Kd7 Be5 62. Rg6 Bc3 63. Rxg3 Bxb4 64. Kd6 Be1 65. Rg7+ Ka6 66.
Kxc6 b4 67. Rg2 Ka7 68. Ra2+ Kb8 69. Kd7 Bg3 70. Rb2 1-0

[Event "17. Open de Sants Hostafrancs 2015"]
[Site "Barcelona ESP"]
[Date "2015.08.30"]
[Round "10.14"]
[White "Narciso Dublan, Marc"]
[Black "Mullon, Jean-Baptiste"]
[Result "1/2-1/2"]
[WhiteElo "2532"]
[BlackElo "2402"]
[PlyCount "129"]
[EventDate "2015.08.21"]
[EventType "swiss"]
[EventRounds "10"]
[EventCountry "ESP"]
[SourceTitle "Ajedrez en Madrid"]
[Source "lmi"]
[SourceDate "2015.08.21"]
[WhiteClock "0:03:03"]
[BlackClock "0:00:45"]

1. e4 e6 2. f4 c5 3. Nf3 Nc6 4. Bb5 Nge7 5. O-O a6 6. Be2 d5 7. d3 b6 8. c3 g6
9. Na3 Bg7 10. e5 O-O 11. d4 cxd4 12. cxd4 Bb7 13. Nc2 Qd7 14. Be3 Na5 15. Bf2
Rfc8 16. g4 Bc6 17. Bh4 Bf8 18. Nfe1 Rc7 19. Rf3 Bb5 20. Nd3 Rac8 21. Na3 Ba4
22. b3 Nec6 23. Nc2 Bb5 24. Rb1 Na7 25. Rb2 Bxd3 26. Bxd3 Nb5 27. Rf1 Na3 28.
Ne1 Nc6 29. Bxa6 Ra8 30. Bd3 Nxd4 31. Bf2 Ndb5 32. Bxb6 Rc6 33. Be3 Rac8 34.
Nf3 d4 35. Bd2 Nc3 36. Qe1 Nd5 37. Ng5 Ne3 38. Qh4 h6 39. Ne4 Bg7 40. Nf6+ Bxf6
41. exf6 Qd8 42. Bb4 Nac2 43. Rxc2 Rxc2 44. Bxc2 Rxc2 45. Qxh6 Qxf6 46. Qf8+
Kh7 47. Be7 Qg7 48. Qd8 Nxg4 49. Rf3 Rc1+ 50. Kg2 Rc2+ 51. Kg1 Qh6 52. h3 Rc1+
53. Kg2 Rc2+ 54. Kg1 Ne5 55. Rf2 Nc6 56. Qe8 Rc1+ 57. Kg2 Nxe7 58. Qxe7 Qg7 59.
Rd2 d3 60. Qh4+ Kg8 61. Qd8+ Kh7 62. Qh4+ Kg8 63. Qd8+ Kh7 64. Qh4+ Kg8 65.
Qd8+ 1/2-1/2

[Event "17. Open de Sants Hostafrancs 2015"]
[Site "Barcelona ESP"]
[Date "2015.08.30"]
[Round "10.15"]
[White "Hernando Rodrigo, Julio Antoni"]
[Black "Gallego Alcaraz, Andres Felipe"]
[Result "1-0"]
[WhiteElo "2389"]
[BlackElo "2443"]
[PlyCount "71"]
[EventDate "2015.08.21"]
[EventType "swiss"]
[EventRounds "10"]
[EventCountry "ESP"]
[SourceTitle "Ajedrez en Madrid"]
[Source "lmi"]
[SourceDate "2015.08.21"]

1. d4 Nf6 2. Nf3 g6 3. g3 Bg7 4. c4 O-O 5. Bg2 d5 6. cxd5 Nxd5 7. O-O Nb6 8.
Nc3 Nc6 9. e3 Re8 10. Re1 a5 11. Qc2 e5 12. dxe5 Nxe5 13. Nxe5 Bxe5 14. f4 Bg7
15. e4 c6 16. e5 Bf5 17. Be4 Be6 18. Be3 Nc4 19. Bf2 Qd2 20. Qxd2 Nxd2 21. Re2
Red8 22. Bb6 Rd7 23. b3 Bf8 24. Bg2 a4 25. Nxa4 Nxb3 26. axb3 Bxb3 27. Bh3 Rxa4
28. Rxa4 Rd1+ 29. Kf2 Bxa4 30. e6 Rb1 31. exf7+ Kxf7 32. Be6+ Kg7 33. Bd4+ Kh6
34. g4 Be7 35. Kg3 g5 36. fxg5+ 1-0

[Event "17. Open de Sants Hostafrancs 2015"]
[Site "Barcelona ESP"]
[Date "2015.08.30"]
[Round "10.16"]
[White "Nijboer, Friso"]
[Black "Gonzalez Rodriguez, Jorge A"]
[Result "1-0"]
[WhiteElo "2566"]
[BlackElo "2369"]
[PlyCount "109"]
[EventDate "2015.08.21"]
[EventType "swiss"]
[EventRounds "10"]
[EventCountry "ESP"]
[SourceTitle "Ajedrez en Madrid"]
[Source "lmi"]
[SourceDate "2015.08.21"]
[WhiteClock "0:01:11"]
[BlackClock "0:02:48"]

1. e4 e6 2. d4 d5 3. Nc3 Bb4 4. e5 b6 5. a3 Bf8 6. Nf3 c5 7. Bf4 Nc6 8. Be2 a6
9. dxc5 bxc5 10. O-O Nge7 11. Na4 Ng6 12. Bg3 Be7 13. c4 d4 14. h4 a5 15. Bd3
Bb7 16. Re1 Nf8 17. Ng5 Bxg5 18. Nxc5 Be7 19. Nxb7 Qb6 20. Nd6+ Bxd6 21. exd6
Nd7 22. b4 axb4 23. axb4 Rxa1 24. Qxa1 Qxb4 25. Be4 Nd8 26. Rc1 e5 27. Qa7 Qc5
28. Qa4 Qxd6 29. c5 Qc7 30. Bf5 Nc6 31. Be4 Nd8 32. c6 O-O 33. Qb5 Re8 34. Bf3
Nf8 35. Qc5 f6 36. Bd5+ Nfe6 37. Ra1 Kh8 38. Qc4 Qd6 39. Ra7 Nc7 40. Be4 Nde6
41. f3 g6 42. Be1 f5 43. Bd3 e4 44. fxe4 fxe4 45. Bxe4 Qe5 46. Bf2 Nb5 47. Ra5
Qxe4 48. Rxb5 Rc8 49. Rd5 Kg8 50. Bg3 Kf7 51. c7 Kf6 52. Qf1+ Kg7 53. Rd7+ Kh6
54. Qf7 Kh5 55. Re7 1-0

[Event "17. Open de Sants Hostafrancs 2015"]
[Site "Barcelona ESP"]
[Date "2015.08.30"]
[Round "10.17"]
[White "Van Der Lende, Ilias"]
[Black "Boruchovsky, Avital"]
[Result "1/2-1/2"]
[WhiteElo "2332"]
[BlackElo "2540"]
[PlyCount "76"]
[EventDate "2015.08.21"]
[EventType "swiss"]
[EventRounds "10"]
[EventCountry "ESP"]
[SourceTitle "Ajedrez en Madrid"]
[Source "lmi"]
[SourceDate "2015.08.21"]
[WhiteClock "0:14:45"]
[BlackClock "0:02:33"]

1. e4 e5 2. Nf3 Nc6 3. Bc4 Bc5 4. b4 Bb6 5. a4 a6 6. c3 Nf6 7. d3 h6 8. O-O O-O
9. Qb3 d6 10. a5 Ba7 11. Be3 Bxe3 12. fxe3 Ne7 13. Nbd2 c6 14. Qc2 b5 15. axb6
Qxb6 16. Rae1 Ng6 17. Ba2 Qc7 18. d4 a5 19. bxa5 Rxa5 20. Bc4 Qa7 21. h3 Re8
22. Rf2 Ra3 23. Qb2 Bd7 24. Bxf7+ Kxf7 25. Nc4 Ra4 26. Nxd6+ Kg8 27. Nxe8 Bxe8
28. Nxe5 Nxe5 29. dxe5 Nxe4 30. Qb3+ Bf7 31. e6 Bg6 32. e7+ Kh7 33. Qe6 Nxf2
34. Qxg6+ Kxg6 35. e8=Q+ Kh7 36. Kxf2 Qc5 37. Qe6 Qxc3 38. Qf5+ Kh8 1/2-1/2

[Event "17. Open de Sants Hostafrancs 2015"]
[Site "Barcelona ESP"]
[Date "2015.08.30"]
[Round "10.18"]
[White "Villegas, Pierre"]
[Black "Kanarek, Marcel"]
[Result "0-1"]
[WhiteElo "2323"]
[BlackElo "2528"]
[PlyCount "60"]
[EventDate "2015.08.21"]
[EventType "swiss"]
[EventRounds "10"]
[EventCountry "ESP"]
[SourceTitle "Ajedrez en Madrid"]
[Source "lmi"]
[SourceDate "2015.08.21"]
[WhiteClock "0:06:54"]
[BlackClock "0:04:41"]

1. d4 Nf6 2. c4 g6 3. Nc3 Bg7 4. e4 d6 5. f3 O-O 6. Nge2 Nc6 7. Be3 a6 8. Qd2
Na5 9. Ng3 b5 10. cxb5 axb5 11. Rc1 b4 12. Nd1 b3 13. a3 Ba6 14. Qxa5 Bxf1 15.
Qd2 Ba6 16. Bh6 Bxh6 17. Qxh6 c5 18. dxc5 dxc5 19. Qe3 Nd7 20. Nf2 Ne5 21. Rxc5
Nc4 22. Qc3 Qb6 23. Ng4 e5 24. Rd5 h5 25. Nh6+ Kh7 26. Nhf5 gxf5 27. Nxf5 Rad8
28. g4 Rxd5 29. exd5 Rd8 30. d6 Nxd6 0-1

[Event "17. Open de Sants Hostafrancs 2015"]
[Site "Barcelona ESP"]
[Date "2015.08.30"]
[Round "10.19"]
[White "Bailet, Pierre"]
[Black "Iglesias, Joachim"]
[Result "1-0"]
[WhiteElo "2502"]
[BlackElo "2319"]
[PlyCount "69"]
[EventDate "2015.08.21"]
[EventType "swiss"]
[EventRounds "10"]
[EventCountry "ESP"]
[SourceTitle "Ajedrez en Madrid"]
[Source "lmi"]
[SourceDate "2015.08.21"]

1. Nf3 d6 2. c4 e5 3. g3 Nf6 4. Bg2 Be7 5. O-O O-O 6. Nc3 c6 7. Qc2 Nbd7 8. d4
Re8 9. c5 Qc7 10. cxd6 Bxd6 11. Bg5 h6 12. dxe5 Bxe5 13. Nxe5 hxg5 14. Nf3 g4
15. Nd2 Nb6 16. Rad1 Qe5 17. Nde4 Bf5 18. Nxf6+ Qxf6 19. Qb3 Rad8 20. a4 Be6
21. Qb4 Rxd1 22. Rxd1 Qe7 23. Qd4 Nc8 24. b4 Qc7 25. e3 Re7 26. Qd8+ Qxd8 27.
Rxd8+ Kh7 28. Ne4 Nb6 29. Nc5 Nd5 30. b5 Rc7 31. Be4+ Kh6 32. bxc6 bxc6 33. Rd6
Kg5 34. Rxe6 fxe6 35. Nxe6+ 1-0